Educación sexual para adolescentes / (Record no. 85344)
[ view plain ]
| 000 -CABECERA | |
|---|---|
| campo de control de longitud fija | 00632nam a2200205 a 4500 |
| 005 - FECHA Y HORA DE LA ÚLTIMA TRANSACCIÓN | |
| campo de control | 20230929063934.0 |
| 008 - ELEMENTOS DE LONGITUD FIJA--INFORMACIÓN GENERAL | |
| campo de control de longitud fija | 010913m19972002cl r 000 0 spa d |
| 035 ## - NÚMERO DE CONTROL DEL SISTEMA | |
| Número de control de sistema | UPN01000111436 |
| 049 ## - COLECCIÓN | |
| Colección | CG |
| 050 #4 - SIGNATURA TOPOGRÁFICA DE LA BIBLIOTECA DEL CONGRESO | |
| Número de clasificación | HQ56 |
| Número de documento/Ítem | A9.3 1997 |
| 100 1# - ASIENTO PRINCIPAL--NOMBRE PERSONAL | |
| Nombre de persona | Ayarza Bastidas, Alfredo |
| 9 (RLIN) | 34926 |
| 245 10 - MENCIÓN DE TÍTULO | |
| Título | Educación sexual para adolescentes / |
| Mención de responsabilidad, etc. | Alfredo Ayarza Bastidas. |
| 250 ## - MENCIÓN DE EDICIÓN | |
| Mención de edición | 3a ed. |
| 260 ## - PUBLICACIÓN, DISTRIBUCIÓN, ETC. | |
| Lugar de publicación, distribución, etc. | Santa Fé de Bogotá : |
| Nombre del editor, distribuidor, etc. | Magisterio, |
| Fecha de publicación, distribución, etc. | 1997 (2002 impr.). |
| 300 ## - DESCRIPCIÓN FÍSICA | |
| Extensión | 106 p. : |
| Otras características físicas | il. |
| 440 #0 - MENCIÓN DE SERIE/ASIENTO SECUNDARIO--TÍTULO | |
| Título | Aula abierta |
| 650 #4 - ASIENTO SECUNDARIO DE MATERIA - TERMINO TEMATICO | |
| Término de materia o nombre geográfico como elemento de entrada | Adolescentes |
| Subdivisión general | Conducta sexual |
| 9 (RLIN) | 1016 |
| 650 #4 - ASIENTO SECUNDARIO DE MATERIA - TERMINO TEMATICO | |
| Término de materia o nombre geográfico como elemento de entrada | Educación sexual para la juventud |
| 9 (RLIN) | 1513 |
| 905 ## - TIPO DE MATERIAL | |
| Tipo de material | Libro |
| Estado de retiro | Estado de pérdida | Fuente del sistema de clasificación o colocación | Estado dañado | No para préstamo | Código de colección | Localización permanente | Ubicación/localización actual | Ubicación en estantería | Fecha de adquisición | Total de préstamos | Renovaciones totales | Clasificación | Código de barras | Fecha visto por última vez | Fecha del último préstamo | Número de copia | Tipo de ítem Koha |
|---|---|---|---|---|---|---|---|---|---|---|---|---|---|---|---|---|---|
| Library of Congress Classification | Colección General | Bib. Gregorio Torres Quintero | Bib. Gregorio Torres Quintero | Planta baja | 26/01/2023 | 71 | 1 | HQ56 A9.3 | 223722 | 02/03/2023 | 26/01/2023 | 1 | Libro | ||||
| Library of Congress Classification | Colección General | Bib. Gregorio Torres Quintero | Bib. Gregorio Torres Quintero | Planta baja | 18/04/2023 | 87 | 1 | HQ56 A9.3 | 184661 | 22/05/2024 | 18/04/2024 | 1 | Libro |
